| 000 | 00996nam a22002417a 4500 | ||
|---|---|---|---|
| 005 | 20231109113957.0 | ||
| 008 | 231109b mx |||||||| |||| 00| 0 spa d | ||
| 020 | _a9685087717 | ||
| 050 | 0 | 4 |
_aLC92.M4 _bA75 2005 |
| 100 | 1 | _aArias Castañeda, Eduardo | |
| 245 | 1 | 0 |
_aPolíticas educativas en México _b: tres momentos en la historia tres visiones desde la filosofía _c/ Eduardo Arias Castañeda, Miguel Bazdresch Parada, Xavier Vargas Beal ; coordinador Cristina Cárdenas Castillo, |
| 250 | _a1a ed. | ||
| 260 |
_aMéxico : _bIteso, _c2005 |
||
| 300 |
_a129 p. ; _c23 cm. |
||
| 500 | _a# 662 Donacion: Dr. Rafael Mendoza 6/JUL./2021 | ||
| 504 | _aIncluye bibliografía | ||
| 650 | 7 |
_aPolítica educativa _zMéxico _ySiglo XX _2Librunam |
|
| 650 | 7 |
_aEducación _xFilosofía _zMéxico _2Librunam |
|
| 700 | 1 | _acoordinador Cristina Cárdenas Castillo, | |
| 700 | 1 |
_aBazdresch Parada, Miguel _ecoaut. |
|
| 710 |
_aCárdenas Castillo, Cristina _ecoordinador |
||
| 942 |
_2lcc _cLIB |
||
| 999 |
_c168943 _d168941 |
||